000 00592nam a2200193Ia 4500
005 20250508163528.0
008 008 250505s9999 xx 000 0 eng d
037 _aTextual
040 _aFEDL
_beng
_cFEDL
041 _aeng
_2eng
084 _a363.7, DEL
_qFEDL
100 _aBhatia S. C. Ed.
_9775028
245 0 _aOperationalizing environmental education
260 _aDelhi, India
_bCentre for Adult Continuing Education and Extension
_c1984
300 _ax,125p
650 _aEnvironmental Education
_9766882
942 _cTEXL
_h363.7, DEL
999 _c1383893
_d1383893